LEADER 00957nam0-2200325---450- 001 990009495690403321 005 20111128135515.0 010 $a978-0-306-81826-4 035 $a000949569 035 $aFED01000949569 035 $a(Aleph)000949569FED01 035 $a000949569 100 $a20111128d2009----km-y0itay50------ba 101 0 $aeng 102 $aUS 105 $aa-------001yy 200 1 $aAfghanistan$ea military history from Alexander the Great to the war against the Taliban$fStephen Tanner 205 $aUpdated version 210 $a[Cambridge, Mass.]$cDa Capo Press$d2009 215 $avii, 375 p.$cill.$d23 cm 610 0 $aAfghanistan$aStoria militare 676 $a958.1$v22$zita 700 1$aTanner,$bStephen$f<1954- >$0514527 801 0$aIT$bUNINA$gREICAT$2UNIMARC 901 $aBK 912 $a990009495690403321 952 $aXIII A 424$b45993$fFSPBC 959 $aFSPBC 996 $aAfghanistan$9851833 997 $aUNINA LEADER 00924nam0-2200289---450- 001 990009421220403321 005 20110912133653.0 035 $a000942122 035 $aFED01000942122 035 $a(Aleph)000942122FED01 035 $a000942122 100 $a20110912g18491854km-y0itay50------ba 101 0 $aita 102 $aIT 105 $af-------001yy 200 1 $aFauna del Regno di Napoli$eossia enumerazione di tutti gli animali che abitano le diverse regioni di questo Regno e le acque che le bagnano$eColeotteri 210 $aNapoli$cdalla stamperia di Gaetano Sautto$d1849-1854 215 $a1 v., 24 tav.$d27 cm 300 $aPaginazione varia 700 1$aCosta,$bOronzio Gabriele$f<1787-1868>$078345 801 0$aIT$bUNINA$gRICA$2UNIMARC 901 $aBK 912 $a990009421220403321 952 $aGM1 DeLo 0041$b99$fGM1 959 $aGM1 996 $aFauna del Regno di Napoli$9406507 997 $aUNINA